Musicians By Initial: The Letter - O - Statistics

General Stats
  • This quiz has been taken 125 times
  • The average score is 5 of 14
Answer Stats
Inits Clue Answer % Correct
ON Duetted with John Travolta on 'You're The One That I Want' Olivia Newton-John
96%
OO Lead vocalist for Black Sabbath Ozzy Osbourne
95%
OR Sitting On The Dock Of The Bay Otis Redding
88%
OH Lyricist best known for his collaborations with Richard Rodgers; The King and I, Oklahoma! Oscar Hammerstein
57%
OJ Birth name of the rapper Ice Cube O'Shea Jackson
42%
OM 2009 runner-up on the X-Factor. Please Don't Let Me Go and Dance With Me Tonight topped the UK charts. Olly Murs
24%
OA American soul singer. She sang on Tears For Fears Seeds Of Love Album, and had a worldwide hit with Get Here in 1991. Oleta Adams
20%
OP Canadian born jazz pianist (1925-2007) Recorded with Ben Webster, Louis Armstrong, Ella Fitzgerald. He won 8 Grammy awards. Oscar Peterson
19%
OS American singer who had 1968 hits with Little Green Apples, and The Son of Hickory Holler's Tramp Ocie Smith (OC Smith)
17%
OC American jazz saxophonist (1930-2015) Played in avant garde and free jazz styles. Won the Pullitzer Prize for music in 2007. Ornette Coleman
15%
OT American pop singer, producer and comedian. Albums include Alien Boy (2017) Ugly Is Beautiful (2019) In 2022 Miss You reached no.3 in the UK Singles Charts Oliver Tree
7%
OK Jewish, German born conductor and composer (1885-1973) He worked with the Hungarian State Opera, London Philharmonia, and Los Angeles Philharmonic Otto Klemperer
5%
OX London Hip-Hop artist. Released the album Weapon Is My Lyric in 1989. Probably best known for the single 14 Days In May (Please type in full artist name) Overlord X
4%
OB Tyneside born opera singer (1908-73) Also recorded Geordie folk songs, most notably Blaydon Races, and Cushie Butterfield. Owen Brannigan
1%
No matching quizzes found
Score Distribution
Percent of People with Each Score
Percentile by Number Answered
Your Score History
You have not taken this quiz